| 000 | 00414nam a2200133 i 4500 | ||
|---|---|---|---|
| 001 | 81214 | ||
| 003 | ES-MaACL | ||
| 007 | t| | ||
| 008 | 041103q1952 sp ||||1| spa d | ||
| 245 | 0 | 0 | _aHomenaje ofrecido a Teófilo Hernando por sus amigos y discípulos. |
| 260 |
_aMadrid : _bHernando, _c[1952?] ( _fSucs. de Rivadeneyra) |
||
| 300 |
_a592 p. : _bretr. homenaj. ; _c27 cm. |
||
| 852 |
_aES-MaACL _jC-8608 _bR.34458 |
||
| 999 |
_c81214 _d81214 |
||